000 00557nam a2200229Ia 4500
003 OSt
005 20220928151656.0
006 a|||||r|||| 00| 0
007 ta
008 220927b |||||||| |||| 00| 0 eng d
024 _a130610
037 _cTextual
040 _aSDCL
_cSDCL
_beng
041 _2eng
_aeng
082 _aO-,1K08k, H6
100 _aHandford James Holly
_9518088
245 0 _aMilton handbook
250 _a4
260 _c1926
942 _hO-,1K08k, H6
_cTEXL
_2CC
999 _c852740
_d852740